书目信息 |
| 题名: |
超禁忌游戏
|
|
| 作者: | 宇航一 著 | |
| 分册: | Ⅱ | |
| 出版信息: | 北京 九州出版社 2015.5 |
|
| 页数: | 283页 | |
| 开本: | 24cm | |
| 丛书名: | ||
| 单 册: | ||
| 中图分类: | I247.56 , I247.5 | |
| 科图分类: | ||
| 主题词: | 惊险小说--中国--当代 , 中国 | |
| 电子资源: | ||
| ISBN: | 978-7-5108-3558-2 | |
| 000 | 00668nam0 2200253 450 | |
| 001 | 351657 | |
| 005 | 20161017144135.59 | |
| 010 | @a978-7-5108-3558-2@dCNY26.80 | |
| 100 | @a20150611d2015 em y0chiy50 ea | |
| 101 | 0 | @achi |
| 102 | @aCN@b110000 | |
| 105 | @ay z 000ay | |
| 106 | @ar | |
| 200 | 1 | @a超禁忌游戏@hⅡ@dSuper taboo game@hII@f宁航一著@zeng |
| 210 | @a北京@c九州出版社@d2015.5 | |
| 215 | @a283页@d24cm | |
| 510 | 1 | @aSuper taboo game@hII@zeng |
| 606 | 0 | @a惊险小说@y中国@z当代 |
| 606 | 0 | @a中国 |
| 690 | @aI247.56@v5 | |
| 690 | @aI247.5@v4 | |
| 701 | 0 | @a宇航一@4著 |
| 801 | 0 | @aCN@bTANGWEI@c20161009 |
| 905 | @b0895842-7@dI247.5@e2956:2@f6 | |
| 超禁忌游戏.Ⅱ=Super taboo game.II/宁航一著.-北京:九州出版社,2015.5 |
| 283页;24cm |
| ISBN 978-7-5108-3558-2:CNY26.80 |
| ● |
| 相关链接 |
|
|
|
|
正题名:超禁忌游戏
索取号:I247.5/2956:2
 
预约/预借
| 序号 | 登录号 | 条形码 | 馆藏地/架位号 | 状态 | 备注 |
| 1 | 0895842 | 208958421 | 第一样本阅览室/ [索取号:I247.5/2956:2] | 在馆 | |
| 2 | 0895843 | 208958430 | 第二借阅区/ [索取号:I247.5/2956:2] | 在馆 | |
| 3 | 0895844 | 208958449 | 第二借阅区/ [索取号:I247.5/2956:2] | 在馆 | |
| 4 | 0895845 | 208958458 | 第二借阅区/ [索取号:I247.5/2956:2] | 在馆 | |
| 5 | 0895846 | 208958467 | 教育系资料室/ [索取号:I247.5/2956:2] | 在馆 | |
| 6 | 0895847 | 208958476 | 教育系资料室/ [索取号:I247.5/2956:2] | 在馆 |